Geotextiles, geomembranes and related products : proceedings of the 4th international conference on geotextiles, geomembranes and related productus/The Hague/28 May - 1 June 1990
Saved in:
| Corporate Author: | |
|---|---|
| Other Authors: | |
| Format: | Conference Proceeding Book |
| Language: | English |
| Published: |
Rotterdam; Brookfield :
A. A. Balkema,
1990-1992
|
| Subjects: | |
| Tags: |
Add Tag
No Tags, Be the first to tag this record!
|
MARC
| LEADER | 00000nam a2200000 i 4500 | ||
|---|---|---|---|
| 001 | 1/8133 | ||
| 008 | 961004m19901992 eng d | ||
| 020 | |a 90-6191-1192 | ||
| 035 | |l 10016983 | ||
| 040 | |a GR-MY-UA |b gre |e aacr | ||
| 041 | 0 | |a eng | |
| 082 | 0 | |a 624.151 | |
| 111 | 2 | |a International Conference on Geotextiles Geomembranes and Related Products |n (4th : |d 1990 |c : Hague) | |
| 245 | 1 | 0 | |a Geotextiles, geomembranes and related products : |b proceedings of the 4th international conference on geotextiles, geomembranes and related productus/The Hague/28 May - 1 June 1990 / |c editor G. Den Hoedt |
| 260 | |a Rotterdam; Brookfield : |b A. A. Balkema, |c 1990-1992 | ||
| 300 | |a 1250 p. |b fig. | ||
| 505 | 0 | |a Volume 1: Steep slopes and walls / Embankments on soft soil / Roads and railroads / Filtration and drainage / Erosion controlVolume 2: Canals, reservoirs and dams / Waste disposal / Geomembrane properties and testing / Mechanical damage / Creep and durability / Miscellaneous tests / Special products and applicationsOpening ceremony / Late papers / Discussions / Closing session | |
| 650 | 0 | 0 | |a Geotextiles |x Congresses. |
| 650 | 0 | 0 | |a Geomembranes |x Congresses. |
| 700 | 1 | |a Hoedt, G. den. |4 edt | |
| 852 | |a INST |b LESVOS |e 19961004 |h 624.151 GEO |p 005100009178 |q 005100009178 |t BK |y 0 |z v.2 | ||
| 852 | |a INST |b LESVOS |e 19961004 |h 624.151 GEO |p 005100009179 |q 005100009179 |t BK |y 0 |z v.1 | ||
| 852 | |a INST |b LESVOS |e 19961004 |h 624.151 GEO |p 005100009180 |q 005100009180 |t BK |y 0 |z v.3 | ||
| 852 | |a INST |b LESVOS |e 19961004 |h 624.151 GEO |p 005100009178 |q 005100009178 |t BK |v v.2: |y 0 |z v.2 | ||
| 852 | |a INST |b LESVOS |e 19961004 |h 624.151 GEO |p 005100009179 |q 005100009179 |t BK |v v.1: |y 0 |z v.1 | ||
| 852 | |a INST |b LESVOS |e 19961004 |h 624.151 GEO |p 005100009180 |q 005100009180 |t BK |v v.3: |y 0 |z v.3 | ||
| 853 | |a INST |b LESVOS |h 624.151 GEO | ||
| 909 | |a Λ |b 042171 | ||
| 909 | |a Λ |b 042170 | ||
| 909 | |a Λ |b 042172 | ||
| 922 | |a 1ΕΛΗ |b 199505 |c ΧΑΛΒΑΔΑΚΗΣ | ||